000 00508nam a2200193Ia 4500
003 GCL
008 140319s9999 xx 000 0 eng d
040 _aGCL /
_cGCL
082 0 4 _a070.195
_bC E
100 1 _aCREMER, CHARLES F
245 1 0 _aENG TELEVISION NEWS /
_cCREMER, CHARLES F
700 1 _aKEIRSTED, PHILIP Q
260 _a[S.N] :
_bMC GRAW - HILL ،
_c1996
300 _a441 P
650 0 4 _aTELEVISION - BROADCASTING
650 0 4 _aTELEVISION - NEWS
650 0 4 _aTELEVISION
942 _2ddc
_cBK
999 _c14356
_d14356